000 02839nam a22002297a 4500
008 240202t2024 xxk|||||o|||| 00| 0 eng d
041 _aeng
110 _aRoyal Institution of Chartered Surveyors
245 _aAgricultural Landlord & Tenant Code of Practice for England
_ba consultation
_h[Electronic resource]
260 _aLondon,
_bRoyal Institution of Chartered Surveyors,
_c1 February 2024
300 _a5p.
490 _aRICS Consultation
520 _aIn February 2022 the DEFRA Secretary of State asked Baroness Rock to Chair a newly formed Tenancy Working Group with two clear objectives. The first was to look at how the new government financial schemes should be accessible, open, and flexible to tenant farmers. The second was to look at longer term changes that would ensure a robust, vibrant, and thriving agricultural tenanted sector for the future. With roughly a third of farmed land in England being tenanted, tenant farmers are vital to the nation’s food production alongside the delivery of environmental outcomes. Agricultural tenancies are a core area of work and fee income for many RICS Rural Practice members and firms. RICS members can and do act on behalf of landowners and tenants during agricultural tenancy negotiations. The nature of farming means that this can be, at times, a difficult and emotive area of practice, where appropriate conduct and behaviour is just as important as technical expertise. One of the recommendations resulting from the Rock Review was the production of a Code of Practice on socially responsible behaviour for landlords, occupiers, and agents with the intention that the Code set out standards of expected behaviour for all in the sector and help encourage more collaborative tenant-landlord relationships. The Agricultural Landlord and Tenant Code of Practice for England has now been drafted by an industry group consisting of representatives of all key stakeholders in the sector, including RICS, which is now consulting on this draft code. The views of Rural Chartered Surveyors and all sector stakeholders are encouraged in this key piece of work that will support the agricultural tenanted sector and its stakeholders far into the future. Consultation opened 1 Feb 2024 closes 29 Feb 2024.
650 _aAGRICULTURAL TENANCIES
650 _aLANDLORD AND TENANT
651 _aEngland
690 _96252
_aLandlord and tenant
710 _aRoyal Institution of Chartered Surveyors
856 _uhttps://consultations.rics.org/gf2.ti/-/1593858/195589445.1/PDF/-/Agricultural%20landlords-tenants%20CoP%20for%20England%20-%20draft%20for%20Industry%20Consultation.pdf
_zView the consultation document on RICS.org
856 _uhttps://consultations.rics.org/Agricultural_tenants_COP/consultationHome
_zView the RICS iConsult homepage on DCF
942 _n0
999 _c121784
_d121784